[Event "Almeria Sola Memorial-B 2nd"]
[Site "Almeria"]
[Date "2015.12.19"]
[Round "5"]
[White "Valero Barrios, Victor Hugo"]
[Black "Gazquez Corral, Alba"]
[Result "0-1"]
[WhiteElo "1552"]
[BlackElo "1761"]
[PlyCount "72"]
[EventDate "2015.12.18"]
[EventType "swiss"]
[EventRounds "7"]
[EventCountry "ESP"]
[SourceTitle "CBM 170 Extra"]
[Source "ChessBase"]
[SourceDate "2016.02.25"]
[SourceVersion "1"]
[SourceVersionDate "2016.02.25"]
[SourceQuality "1"]

1. b4 e5 2. Bb2 Bxb4 3. Bxe5 Nf6 4. e3 Nc6 5. Bb2 d6 6. Nf3 Bf5 7. Be2 0-0 8. 0-0 Re8 9. c4 d5 10. d4 dxc4 11. Bxc4 Nd5 12. a3 Bf8 13. Nc3 Nb6 14. Bb5 Bd7 15. Rc1 Bd6 16. Qc2 Bg4 17. Ne4 Bf5 18. Bd3 Qe7 19. Nf6+ Qxf6 20. Bxf5 Qh6 21. Be4 Na5 22. Bd3 Re6 23. e4 Bf4 24. Rcd1 Rg6 25. g3 Qh5 26. Kg2 Rc6 27. Qe2 Nac4 28. d5 Nxb2 29. dxc6 Nxd1 30. cxb7 Rb8 31. gxf4 Nc3 32. Qc2 Qg4+ 33. Kh1 Qxf3+ 34. Kg1 Nba4 35. Bb5 Rxb7 36. Bxa4 Ne2+ 0-1